| 000 | 00791cab a2200277 4500 | ||
|---|---|---|---|
| 001 | ABS56894 | ||
| 008 | 090401t1997 xxu||||| |||| 00| 0 eng d | ||
| 035 | _a(Sirsi) u77735 | ||
| 041 | _aeng | ||
| 100 | _aSeidl, A. | ||
| 245 | _aEstates Gazette 100 | ||
| 260 | _c1997 | ||
| 350 | _a0 | ||
| 490 |
_aEstates Gazette _v(9714) 5 April 1997, 54-60(7) |
||
| 520 | _aA league table of surveying firms by total UK turnover, with analysis and commentary. Compiled by the Estates Gazette. | ||
| 650 | _aBENCHMARKING | ||
| 650 | _aLEAGUE TABLES | ||
| 650 | _aPERFORMANCE | ||
| 650 | _aRANKINGS | ||
| 650 | _aSURVEYING FIRMS | ||
| 650 | _aTURNOVER | ||
| 690 | _aMANAGEMENT-BUSINESS MANAGEMENT-PROFESSIONAL PRACTICE | ||
| 700 | _aCatalano, A. | ||
| 942 | _n0 | ||
| 948 | _c16/04/1997 | ||
| 999 |
_c48864 _d48864 |
||